|
|
|
|
| LEADER |
01157nam a2200313 a 4500 |
| 001 |
27642 |
| 003 |
BD-DhAAL |
| 005 |
20251020124021.0 |
| 008 |
131008r2001998si a b 001 0 eng |
| 010 |
|
|
|a 97051929
|
| 020 |
|
|
|a 9810231970 (set)
|
| 020 |
|
|
|a 9810239793 (vol. 1)
|
| 020 |
|
|
|a 9789810231972
|
| 020 |
|
|
|a 9789810239794
|
| 040 |
|
|
|a DLC
|c DLC
|d DLC
|d BD-DhAAL
|
| 050 |
0 |
0 |
|a QC793.3.S8
|b B635 1998
|
| 082 |
0 |
0 |
|a 539.7/4
|2 21
|
| 100 |
1 |
|
|a Bohr, Aage.
|9 3407
|
| 245 |
1 |
0 |
|a Nuclear structure.
|n Volume 1 :
|p single particle motion /
|c Aage Bohr, Ben R. Mottelson.
|
| 260 |
|
|
|a Singapore ;
|a River Edge, NJ :
|b World Scientific,
|c c1998 [Reprinted 2008].
|
| 300 |
|
|
|a xv, 471 pages :
|b illustrations ;
|c 26 cm.
|
| 362 |
|
|
|a Vol. 1
|
| 504 |
|
|
|a Includes bibliographical references (p. 449-464) and index.
|
| 541 |
|
|
|a Trim Education
|e 27642
|
| 650 |
|
0 |
|a Nuclear structure.
|9 3408
|
| 700 |
1 |
|
|a Mottelson, Ben R.
|9 3409
|
| 942 |
|
|
|2 ddc
|c BK
|
| 999 |
|
|
|c 14057
|d 14057
|
| 952 |
|
|
|0 0
|1 0
|2 ddc
|4 0
|6 539_740000000000000_BOH
|7 0
|9 23591
|a BRACUL
|b BRACUL
|c GEN
|d 2013-10-08
|e Trim Education
|g 9125.00
|l 1
|o 539.74 BOH
|p 3010027642
|r 2013-10-08
|s 2013-10-08
|t 1
|w 2013-10-08
|y BK
|